[Event "Hessen-ch Gr-D 62nd"]
[Site "Hanau"]
[Date "2008.03.21"]
[Round "1"]
[White "Geidel, Sven"]
[Black "Zarges, Peter"]
[Result "1/2-1/2"]
[WhiteElo "1561"]
[BlackElo "1796"]
[PlyCount "56"]
[EventDate "2008.03.21"]
[EventType "swiss"]
[EventRounds "5"]
[EventCountry "GER"]
[SourceTitle "CBM 123 Extra"]
[Source "ChessBase"]
[SourceDate "2008.05.06"]
[SourceVersion "1"]
[SourceVersionDate "2008.05.06"]
[SourceQuality "1"]

1. d4 f5 2. Nf3 Nf6 3. g3 e6 4. Bg2 Be7 5. 0-0 0-0 6. Nbd2 d6 7. Re1 Nbd7 8. e4 fxe4 9. Nxe4 Nxe4 10. Rxe4 Nf6 11. Re1 c6 12. c3 Bd7 13. Qc2 Re8 14. Ng5 Qc8 15. Ne4 e5 16. Nxf6+ Bxf6 17. Be4 h6 18. dxe5 Rxe5 19. Bf4 Re6 20. Bh7+ Kh8 21. Rxe6 Bxe6 22. Bxd6 Qd7 23. Bc5 Rd8 24. Be4 Bh3 25. Be3 a6 26. Bf3 Bf5 27. Qb3 Be6 28. Qc2 Bf5 1/2-1/2

[Event "Leipzig VfB op 08th"]
[Site "Leipzig"]
[Date "2001.02.24"]
[Round "8"]
[White "Geidel, Sven"]
[Black "Bruns, Patrick"]
[Result "0-1"]
[WhiteElo "1443"]
[BlackElo "1723"]
[PlyCount "47"]
[EventDate "2001.02.20"]
[EventType "swiss"]
[EventRounds "9"]
[EventCountry "GER"]
[SourceTitle "EXT 2008"]
[Source "ChessBase"]
[SourceDate "2007.11.25"]
[SourceVersion "1"]
[SourceVersionDate "2007.11.25"]
[SourceQuality "1"]

1. c4 Nf6 2. Nc3 c5 3. Nf3 d6 4. d4 cxd4 5. Nxd4 Nc6 6. Bg5 e6 7. e3 Be7 8. Be2 0-0 9. 0-0 a6 10. Bf3 Ne5 11. b3 Rb8 12. Rc1 Qa5 13. Bxf6 Bxf6 14. Be4 g6 15. Qc2 Bg7 16. Na4 Bd7 17. Nc3 Ng4 18. h3 Nh6 19. Nce2 f5 20. Bd3 e5 21. Nf3 Bc6 22. e4 fxe4 23. Bxe4 Bxe4 24. Qxe4 0-1

[Event "Leipzig VfB op 08th"]
[Site "Leipzig"]
[Date "2001.02.20"]
[Round "1"]
[White "Zaerban, Jan Christopher"]
[Black "Geidel, Sven"]
[Result "1-0"]
[WhiteElo "2103"]
[BlackElo "1443"]
[PlyCount "81"]
[EventDate "2001.02.20"]
[EventType "swiss"]
[EventRounds "9"]
[EventCountry "GER"]
[SourceTitle "EXT 2008"]
[Source "ChessBase"]
[SourceDate "2007.11.25"]
[SourceVersion "1"]
[SourceVersionDate "2007.11.25"]
[SourceQuality "1"]

1. Nf3 e6 2. c4 Nf6 3. Nc3 Bb4 4. Qc2 Bxc3 5. Qxc3 c5 6. g3 b6 7. Bg2 Bb7 8. 0-0 0-0 9. b3 d5 10. cxd5 exd5 11. d4 Ne4 12. Qc2 Nd7 13. dxc5 bxc5 14. Rd1 Qe7 15. Ba3 Qe6 16. Rac1 Rfc8 17. Qd3 Nb6 18. Nd2 c4 19. Qd4 Nxd2 20. Rxd2 cxb3 21. Rxc8+ Rxc8 22. axb3 h6 23. Bb2 Qg6 24. h4 f6 25. Bf3 Rc2 26. Kg2 Rxd2 27. Qxd2 a6 28. Qb4 f5 29. Bd4 f4 30. Qxb6 Qxb6 31. Bxb6 fxg3 32. Kxg3 Kf7 33. Kf4 Kf6 34. h5 Ke6 35. Bc5 Kf6 36. Bd4+ Kf7 37. Ke5 Bc8 38. Bxd5+ Ke7 39. Bc5+ Ke8 40. Be6 Bxe6 41. Kxe6 1-0